01458ngm a22001811i 450000100060000009000100000610000410001620000220005710100080007921500390008730000440012633008150017070000210098521000420100699601090104899000150115799501040117224518 a24518 a20120424u u u0frey50 ba1 aPecados Íntimos0 ceng d1 DVD (aprox. 131 minutos) : 19 cm aNº de registo 3488/2007. - M/ 16 anos aElenco: Kate Winslet, Patrick Wilson, Jennifer Connelly, Gregg Edelman, Sadie Goldstein, Ty Simpkins, Noah Emmerich, Jackie Earle Haley, Phyllis Somerville, Helen Carey, Catherine Wolf, Mary B. McCann, Trini Alvarado, Marsha Dietlein, Jane Adams, Raymond J. Barry, Sarah Buxton. Sinopse:Kate Winslet* (O Despertar da Mente, Titanic), Jennifer Connelly (Águas Sombrias) e Patrick Wilson (O Fantasma da Ópera) interpretam Pecados Íntimos, o mais recente trabalho do argumentista e realizador nomeado para os Óscares,Todd Field (In the Bedroom - Vidas Privadas**). Baseado no romance de Tom Perrotta, Pecados Íntimos centra-se num grupo de indivíduos cujas vidas se cruzam nos jardins, nas piscinas municipais e nas ruas da sua pequena comunidade, de uma forma surpreendente e potencialmente perigosa. 1aFieldbTodd4370 cPrisvideoaS. João da Madeirad2007 f0015748kFIEuM/ 16 anosm00000000n00000000aBMVAb1vViana do AlentejoxDVDs / CD-Romsy106eDVD1031 cFILMES DVD 0010933407bBMVAdBMVAeDVDs / CD-Romsf0000115VIkFIEo0rFILMES DVDuM/ 16 anosaBMVAcBMVAq106